<?xml version="1.0" encoding="UTF-8"?>
<record
    xmlns:xsi="http://www.w3.org/2001/XMLSchema-instance"
    xsi:schemaLocation="http://www.loc.gov/MARC21/slim http://www.loc.gov/standards/marcxml/schema/MARC21slim.xsd"
    xmlns="http://www.loc.gov/MARC21/slim">

  <leader>01532nam a2200229 a 4500</leader>
  <controlfield tag="003">DO-SdBNP</controlfield>
  <controlfield tag="005">20220701121302.0</controlfield>
  <controlfield tag="007">ta</controlfield>
  <controlfield tag="008">220623e2004    dr ||||frlg|| 001 0 spa d</controlfield>
  <datafield tag="040" ind1=" " ind2=" ">
    <subfield code="a">DO-SdBNP</subfield>
    <subfield code="b">spa</subfield>
    <subfield code="c">BNPHU</subfield>
  </datafield>
  <datafield tag="082" ind1=" " ind2="4">
    <subfield code="2">22</subfield>
    <subfield code="b">S562i</subfield>
  </datafield>
  <datafield tag="245" ind1="1" ind2="0">
    <subfield code="a">Sistema de implementaci&#xF3;n del nuevo proceso penal creado por la Ley No. 76-02</subfield>
  </datafield>
  <datafield tag="246" ind1="1" ind2="0">
    <subfield code="a">Ley No. 76-02</subfield>
  </datafield>
  <datafield tag="260" ind1=" " ind2=" ">
    <subfield code="a">Santo Domoimgo :</subfield>
    <subfield code="b">Filantrop&#xED;a,</subfield>
    <subfield code="c">2004</subfield>
  </datafield>
  <datafield tag="300" ind1=" " ind2=" ">
    <subfield code="a">81 p. ;</subfield>
    <subfield code="c">20 cm.</subfield>
  </datafield>
  <datafield tag="505" ind1="0" ind2=" ">
    <subfield code="t">Ley No. 278-04, Implementaci&#xF3;n del Proceso Penal.--</subfield>
    <subfield code="t">Decreto No, 420-02, Creaci&#xF3;n de la comisi&#xF3;n Nacional de Ejecuci&#xF3;n de la -reforma Procesal Penal (CONAE).--</subfield>
    <subfield code="t">Resoluci&#xF3;n  No. 1920-2003, Medidas Anticipadas para la Aplicaci&#xF3;n del nuevo C&#xF3;digo Procesal Penal.--</subfield>
    <subfield code="t">Resoluci&#xF3;n  No. 1919-2003, Resoluci&#xF3;n de Garant&#xED;a en caso de Ordenar una Suspensi&#xF3;n de Ejecuci&#xF3;n de Sentencia.--</subfield>
    <subfield code="t">Resoluci&#xF3;n  No. 512-2002, Sistema de Defensa Penal.--</subfield>
    <subfield code="t">Resoluci&#xF3;n  No. 1362-2003, Competencia de Atribuci&#xF3;n del Juzgado de Primera Instancia de la Provincia Santo Domingo.</subfield>
    <subfield code="t">Resoluci&#xF3;n  No. 713-2002, que autoriza a los Jueces de Instrucci&#xF3;n el Distrito Nacional, secretarios y/o auxiliares a trasladarse a Najayo y la Victoria.--</subfield>
    <subfield code="t">Resoluci&#xF3;n  No. 14786-2003, de la Procuradur&#xED;a General de la Rep&#xFA;blica.--</subfield>
  </datafield>
  <datafield tag="590" ind1=" " ind2=" ">
    <subfield code="a">Inventariado 2022 / MF</subfield>
  </datafield>
  <datafield tag="650" ind1=" " ind2="4">
    <subfield code="9">79530</subfield>
    <subfield code="a">Rep&#xFA;blica Dominicanos</subfield>
    <subfield code="x">Ley 76-02 que crea el Sistema de Implementaci&#xF3;n del Nuevo Proceso Penal</subfield>
  </datafield>
  <datafield tag="651" ind1=" " ind2="4">
    <subfield code="9">64426</subfield>
    <subfield code="a">Rep&#xFA;blica Dominicana</subfield>
    <subfield code="x">Ley No. 76-02</subfield>
  </datafield>
  <datafield tag="910" ind1=" " ind2=" ">
    <subfield code="a">MFeliz</subfield>
  </datafield>
  <datafield tag="942" ind1=" " ind2=" ">
    <subfield code="2">ddc</subfield>
    <subfield code="c">LBS1</subfield>
  </datafield>
  <datafield tag="952" ind1=" " ind2=" ">
    <subfield code="0">0</subfield>
    <subfield code="1">0</subfield>
    <subfield code="2">ddc</subfield>
    <subfield code="5">1</subfield>
    <subfield code="7">0</subfield>
    <subfield code="8">PD</subfield>
    <subfield code="a">BNPHU</subfield>
    <subfield code="b">BNPHU</subfield>
    <subfield code="d">2022-06-23</subfield>
    <subfield code="l">0</subfield>
    <subfield code="o">S562i</subfield>
    <subfield code="p">2022-3155</subfield>
    <subfield code="r">2022-06-23</subfield>
    <subfield code="w">2022-06-23</subfield>
    <subfield code="y">LBS1</subfield>
  </datafield>
  <datafield tag="952" ind1=" " ind2=" ">
    <subfield code="0">0</subfield>
    <subfield code="1">0</subfield>
    <subfield code="2">ddc</subfield>
    <subfield code="5">1</subfield>
    <subfield code="7">0</subfield>
    <subfield code="8">PD</subfield>
    <subfield code="a">BNPHU</subfield>
    <subfield code="b">BNPHU</subfield>
    <subfield code="c">CT</subfield>
    <subfield code="d">2022-11-05</subfield>
    <subfield code="e">Donado por Jos&#xE9; Polanco</subfield>
    <subfield code="l">0</subfield>
    <subfield code="o">S562i</subfield>
    <subfield code="p">2022-3156</subfield>
    <subfield code="r">2022-06-23</subfield>
    <subfield code="t">e.2</subfield>
    <subfield code="w">2022-06-23</subfield>
    <subfield code="y">LBS1</subfield>
  </datafield>
  <datafield tag="952" ind1=" " ind2=" ">
    <subfield code="0">0</subfield>
    <subfield code="1">0</subfield>
    <subfield code="2">ddc</subfield>
    <subfield code="5">6</subfield>
    <subfield code="7">0</subfield>
    <subfield code="8">DS</subfield>
    <subfield code="a">BNPHU</subfield>
    <subfield code="b">BNPHU</subfield>
    <subfield code="c">CT</subfield>
    <subfield code="d">2022-11-05</subfield>
    <subfield code="e">Donado por Jos&#xE9; Polanco</subfield>
    <subfield code="l">0</subfield>
    <subfield code="o">S562i</subfield>
    <subfield code="p">2022-3157</subfield>
    <subfield code="r">2022-06-23</subfield>
    <subfield code="t">e.3</subfield>
    <subfield code="w">2022-06-23</subfield>
    <subfield code="y">LBS1</subfield>
  </datafield>
  <datafield tag="952" ind1=" " ind2=" ">
    <subfield code="0">0</subfield>
    <subfield code="1">0</subfield>
    <subfield code="2">ddc</subfield>
    <subfield code="5">6</subfield>
    <subfield code="7">0</subfield>
    <subfield code="8">DS</subfield>
    <subfield code="a">BNPHU</subfield>
    <subfield code="b">BNPHU</subfield>
    <subfield code="c">CT</subfield>
    <subfield code="d">2022-11-05</subfield>
    <subfield code="e">Donado por Jos&#xE9; Polanco</subfield>
    <subfield code="o">S562i</subfield>
    <subfield code="p">2022-3158</subfield>
    <subfield code="r">2022-06-23</subfield>
    <subfield code="t">e.4</subfield>
    <subfield code="w">2022-06-23</subfield>
    <subfield code="y">LBS1</subfield>
  </datafield>
  <datafield tag="952" ind1=" " ind2=" ">
    <subfield code="0">0</subfield>
    <subfield code="1">0</subfield>
    <subfield code="2">ddc</subfield>
    <subfield code="5">6</subfield>
    <subfield code="7">0</subfield>
    <subfield code="8">DS</subfield>
    <subfield code="a">BNPHU</subfield>
    <subfield code="b">BNPHU</subfield>
    <subfield code="c">CT</subfield>
    <subfield code="d">2022-11-05</subfield>
    <subfield code="e">Donado por Jos&#xE9; Polanco</subfield>
    <subfield code="o">S562i</subfield>
    <subfield code="p">2022-3159</subfield>
    <subfield code="r">2022-06-23</subfield>
    <subfield code="t">e.5</subfield>
    <subfield code="w">2022-06-23</subfield>
    <subfield code="y">LBS1</subfield>
  </datafield>
  <datafield tag="999" ind1=" " ind2=" ">
    <subfield code="c">52096</subfield>
    <subfield code="d">52096</subfield>
  </datafield>
</record>
